MARC

LEADER 00000nam0a2200000 4500
001 284559
005 20231101235716.0
035 |a (RuTPU)RU\TPU\book\308731 
090 |a 284559 
100 |a 20150216d1984 k y0rusy50 ca 
101 0 |a rus 
102 |a RU 
105 |a y z 001zy 
200 1 |a Сопряженные и нестационарные задачи механики реагирующих сред  |f А. М. Гришин, В. М. Фомин  |g Академия наук СССР (АН СССР), Сибирское отделение (СО), Институт теоретической и прикладной механики (ИТПМ), (Новосибирск) 
210 |a Новосибирск  |c Наука  |d 1984 
215 |a 318 с. 
320 |a Библиогр. в конце гл. 
606 1 |a Массопередача  |2 stltpush  |3 (RuTPU)RU\TPU\subj\41160  |9 60975 
610 1 |a механика 
610 1 |a нестационарные задачи 
610 1 |a сопряженные задачи 
610 1 |a реагирующие среды 
675 |a 536.24  |v 3 
700 1 |a Гришин  |b А. М.  |g Анатолий Михайлович 
701 1 |a Фомин  |b В. М.  |g Василий Михайлович 
712 0 2 |a Академия наук СССР (АН СССР)  |b Сибирское отделение (СО)  |b Институт теоретической и прикладной механики (ИТПМ)  |b (Новосибирск)  |2 stltpush  |3 (RuTPU)RU\TPU\col\11503 
801 1 |a RU  |b 63413507  |c 20150216 
801 2 |a RU  |b 63413507  |c 20160908  |g RCR 
942 |c BK